Paroles Manu Chao-Les Wampas - Statistiques

Statistiques générales
  • Ce quiz a été pris 47 fois
  • Le résultat moyen est 265 sur 319
Statistiques - réponses
Réponse % Correct
Chao
100%
de
100%
Je
100%
je
100%
le
100%
ma
100%
Manu
100%
Si
100%
si
100%
a
98%
à
98%
au
98%
en
98%
j'avais
98%
jusqu'à
98%
Moi
98%
moins
98%
vacances
98%
Attaque
95%
banque
95%
compte
95%
Louise
95%
partirais
95%
porte-feuille
95%
Pâques
93%
jusqu'au
90%
Congo
88%
les
88%
la
85%
Mais
85%
me
83%
un
83%
ce
80%
et
80%
Et
80%
dans
78%
du
78%
pas
78%
C'est
75%
tous
75%
avec
73%
beau
73%
comme
73%
j'ai
73%
mes
73%
On
73%
on
73%
Quand
70%
bien
68%
chante
68%
Normandie
68%
pour
68%
dit
65%
j'irais
65%
mon
65%
potos
65%
blé
63%
encore
63%
jeudis
63%
mardis
63%
chapeau
60%
d'ici
60%
loin
60%
refrain
60%
sur
60%
Tout
60%
une
60%
bout
58%
champs
58%
Didier
58%
fait
58%
punk
58%
tante
58%
Wampas
58%
aussi
55%
classe
55%
foin
55%
grange
55%
groupe
55%
hectares
55%
labourer
55%
Marie
55%
Mexique
55%
pouvais
55%
répète
55%
assez
53%
bruit
53%
d'un
53%
grande
53%
seul
53%
cinq
50%
d'heure
50%
quart
50%
tracteur
50%
vaches
50%
Boire
48%
coeur
48%
commandant
48%
donner
48%
seulement
48%
Téquilla
48%
Glaviots
45%
chanter
43%
Marcos
43%
remonte
43%
soirs
43%
superbe
43%
d'été
40%
j'écoute
40%
m'assois
40%
s'assoit
40%
auto
38%
pommiers
38%
resterai
30%
Souvent
30%
Saint-Lô
28%
doucement
25%
ferme
25%
yeux
25%
Aucun quiz correspondant
Distribution des résultats
% des personnes avec chaque résultat
Percentile par nombre de réponses
Votre historique - résultats
Vous n’avez pas pris ce quiz